书目信息 |
| 题名: |
经济数学基础2--线性代数
|
|
| 作者: | 刘舒强 主编 | |
| 分册: | ||
| 出版信息: | 天津 天津大学出版社 2002 |
|
| 页数: | 281页 | |
| 开本: | 20cm | |
| 丛书名: | ||
| 单 册: | ||
| 中图分类: | F224.0 | |
| 科图分类: | ||
| 主题词: | 经济--计算 , 经济数学--方法 | |
| 电子资源: | ||
| ISBN: | 7-5618-1642-1 | |
| 000 | 00601nam0 2200205 45 | |
| 001 | 0458721398 | |
| 005 | 2004051116183716 | |
| 010 | @a7-5618-1642-1@d15.00CNY | |
| 100 | @a20040511d2002 km y0chiy0120 ea | |
| 101 | 0 | @achi |
| 102 | @aCN@b120000 | |
| 200 | 1 | @a经济数学基础2--线性代数@AJing Ji Shu Xue Ji Chu 2--Xian Xing Dai Shu@f刘舒强主编@FLiu Shu Qiang Zhu Bian |
| 210 | @a天津@c天津大学出版社@d2002 | |
| 215 | @a281页@d20cm | |
| 606 | 0 | @a经济@x计算 |
| 606 | 0 | @a经济数学@x方法 |
| 690 | @aF224.0@v3 | |
| 701 | 0 | @a刘舒强@ALiu Shu Qiang@4主编 |
| 801 | 0 | @aCN@bPFT@c20040511 |
| 905 | @dF224.0@eL675 | |
| 经济数学基础2--线性代数/刘舒强主编.-天津:天津大学出版社,2002 |
| 281页;20cm |
| ISBN 7-5618-1642-1:15.00CNY |
| ● |
| 相关链接 |
|
|
|
正题名:经济数学基础2--线性代数
索取号:F224.0/L675
 
预约/预借
| 序号 | 登录号 | 条形码 | 馆藏地/架位号 | 状态 | 备注 |
| 1 | 393357 | 203933574 | 社科库409/409社科库 72排4列5层/ [索取号:F224.0/L675] | 在馆 | |
| 2 | 393358 | 203933583 | 社科库409/409社科库 72排4列5层/ [索取号:F224.0/L675] | 在馆 | |
| 3 | 393359 | 203933592 | 社科库409/409社科库 72排4列5层/ [索取号:F224.0/L675] | 在馆 |